00487nam a2200121Ia 4500008004100000245012700041260003100168260000900199300000900208650002600217650001200243856011000255170516s9999 xx 000 0 und d aClinical implications of Eclipse analytical anisotropic algorithm and Acuros XB algorithm for the treatment of lung cancer bJournal of Medical Physics c2016 a41:4 xRadiologic Technology xRadtech uhttp://www.jmp.org.in/showBackIssue.asp?issn=0971-6203;year=2016;volume=41;issue=4;month=October-December